American History- The Revolutionary War, Part I - Statistics

General Stats
  • This quiz has been taken 210 times
  • The average score is 5 of 15
Answer Stats
Hint Answer % Correct
In early 1775, the Colonists created forces called _____, which were ready to fight at a moment's notice. Minutemen
79%
Those who remained loyal to England were refered to as ________. Loyalists
69%
The British hoped to get _______ to fight for the British in the war in exchange for freedom. Slaves
64%
On April 18, 1775, British soldiers clashed with colonial militia near ________ and __________. Lexington Concord
56%
During the war, those who supported the Colonists were called ______. Patriots
54%
The British tried to strengthen their army by hiring _________, or soldiers who fight for another country in exchange for money. Mercenaries
41%
fort ______ Ticonderoga
37%
The Battle, won by the British was known as the Battle of ________. Bunker Hill
34%
On May 10, 1775, _____ lead a raid to Ethan Allen
14%
with the ________ Green Mountain Boys
14%
where they won _______. Cannons
9%
The __________ established George Washington as the leader of the colonial forces. Second Continental Congress
6%
In July, the _____ asked King George III to stop all fighting and resolve all disputes peacefully. Olive Branch Petition.
5%
British General ______ prepared to defend the city. William Howe
3%
In June 1775, the British controlled Boston. American General _______ prepared to take the city. Israel Putnam
1%
No matching quizzes found
Score Distribution
Percent of People with Each Score
Percentile by Number Answered
Your Score History
You have not taken this quiz